00621nam a22001697a 4500003001100000008004100011040003900052041000800091082001600099111008400115245003300199260005200232300004000284650004400324650003300368650005000401LK-CoMWRAF240624b2004 |||||||| |||| 00| 0 eng d aLK-CoMWRAFdLK-CoMWRAFeLK-CoMWRAF aeng a305.42bWOM aNINTH NATIONAL CONVENTION ON WOMEN'S STUDIESc ( Colombo, d20-23rd March 2004) aSESSION X:bWomen and health a Colombo: bCentre for Women's Research,c 2004 aVarious pg. bBibliography included a WOMEN'S STUDIES- Sri Lanka- Congresses aChild malnutrition-Sri Lanka aMiddle East returnee migrants-Health problems